000
00296nam a2200109Ia 4500
008
220204s9999 xx 000 0 und d
100
_a
Kothari, D V
245
0
_a
Advances in Library and Information Science
260
_a
Jodhpur
_b
Scientific Publishers
_c
2005
700
_a
Ojha, D C
942
_c
BK
999
_c
42429
_d
42429